| 000 | 00739nam a22002177a 4500 | ||
|---|---|---|---|
| 005 | 20170124110310.0 | ||
| 010 | _aB-217838 | ||
| 020 |
_a8188583448 _c800.00 |
||
| 035 | _aB-217838 | ||
| 037 | _bCen Lib / Ret | ||
| 040 |
_aDPL _bEN |
||
| 082 |
_a330 _bREF |
||
| 245 |
_aReference manual for UGC examinations : _bNET, SLET, JRF and other UPSC competitive tests Economics |
||
| 260 |
_aNew Delhi _bReference Press _c2004 |
||
| 270 |
_a4831/24 Ansari Road Darya Ganj _bNew Delhi _e110002 |
||
| 300 |
_a437p _b24cm(Hb) |
||
| 650 | _aEconomics -- Examinations -- Study guides. | ||
| 650 | _aEconomics-- Examinations, questions, etc. | ||
| 650 | _aExaminations -- India -- Study guides. | ||
| 942 |
_2ddc _cEN _h330 _mREF |
||
| 999 |
_c136895 _d136895 |
||